| 000 | 00860nam a22002177a 4500 | ||
|---|---|---|---|
| 999 |
_c15709 _d15709 |
||
| 003 | AR-CdUCM | ||
| 008 | 190308b ||||| |||| 00| 0 spa d | ||
| 040 |
_aMUNICIPALIDAD PROVINCIAL DEL CUSCO _cBIBLIOTECA MUNICIPAL DEL CUSCO |
||
| 082 |
_aC / 726 / _bSE42 |
||
| 100 |
_aSerna Torroba, Juan de la _913245 |
||
| 245 | _aRestauración del campanario de la torre de evangelio de la basílica catedral del Cusco / | ||
| 260 |
_aCusco : _bPrograma de Restauración de Monumentos , _c1996. |
||
| 300 |
_a87 páginas ; _bfotografías ; _c24 cm. |
||
| 505 | _aContenido: La basilica catedral -- La restauración del campanario de la torre del evangelio. | ||
| 650 |
_aBasilica catedral _913541 |
||
| 650 |
_aRestauración _96144 |
||
| 650 |
_aCusco-Perú _913542 |
||
| 700 |
_aCarrillo Rosell, Pablo A. _913543 |
||
| 942 |
_2ddc _cLIBROS |
||
| 945 |
_awnts _d2019-04-29 |
||